|
|
|
|
| LEADER |
00784cam a2200241ua 4500 |
| 008 |
060815t2002||||||||||| 001 ||eng c |
| 041 |
0 |
|
|a eng
|
| 082 |
|
|
|a 297.4
|b MIR/Q
|
| 245 |
0 |
0 |
|a Quranic Sufism /
|
| 250 |
|
|
|a 1st ed.
|
| 260 |
|
|
|a Delhi:
|b Motilal Banarasidass,
|c 2002.
|
| 300 |
|
|
|a vi,216p..
|
| 362 |
1 |
|
|a 2002.
|
| 365 |
|
|
|a Rs. 250/.
|e hb
|
| 500 |
|
|
|a Includes index.
|
| 504 |
|
|
|a .
|
| 650 |
|
|
|a Islamic mysticism
|
| 650 |
0 |
|
|a Islam
|
| 700 |
0 |
2 |
|a Mir Valiuddin,
|
| 942 |
|
|
|c BK
|
| 999 |
|
|
|c 30339
|d 30339
|
| 952 |
|
|
|0 0
|1 0
|4 0
|6 297_400000000000000_MIR
|7 0
|9 32155
|a KUCL
|b KUCL
|d 2014-05-23
|l 0
|o 297.4 MIR/
|p 10246
|r 2014-05-23
|w 2014-05-23
|y BK
|
| 952 |
|
|
|0 0
|1 0
|4 0
|6 297_400000000000000_MIR
|7 0
|9 32156
|a KUCL
|b KUCL
|d 2014-05-23
|l 1
|m 1
|o 297.4 MIR/
|p 20288
|r 2018-07-16
|s 2018-05-15
|w 2014-05-23
|y BK
|